000 00972cab a2200277 4500
001 WB3414-17
008 090401t1998 xxu||||| |||| 00| 0 eng d
035 _a(Sirsi) u85486
041 _aeng
245 _aLetting agent standards
260 _c1998
350 _a0
490 _aNegotiator
_v13(7) 3 April 1998, 1(1)
520 _aThe Empty Homes Agency (EHA) is spearheading the new Approved Lettings Scheme (ALS) which is an initiative to help raise the standards of residential letting agents. The scheme is backed by the four main professional bodies and is expected to be launched in September.
650 _aAPPROVED LETTINGS SCHEME
650 _aARLA
650 _aEMPTY HOMES AGENCY
650 _aABOUT RICS-RELATED ORGANISATIONS-INCORPORATED SOCIETY OF VALUERS AND AUCTIONEERS
650 _aNAEA
650 _aRESIDENTIAL LETTING AGENTS
650 _aRICS
650 _aSTANDARDS
690 _aHOUSING
942 _n0
948 _c07/04/1998
999 _c53752
_d53752